[Event "Marseille op 4th"]
[Site "Marseille"]
[Date "2011.12.28"]
[Round "5"]
[White "Mory, Eric"]
[Black "Hourlier, Claire"]
[Result "0-1"]
[WhiteElo "2111"]
[BlackElo "1918"]
[PlyCount "42"]
[EventDate "2011.12.26"]
[EventType "swiss"]
[EventRounds "9"]
[EventCountry "FRA"]
[SourceTitle "CBM 146 Extra"]
[Source "ChessBase"]
[SourceDate "2012.02.29"]
[SourceVersion "1"]
[SourceVersionDate "2012.02.29"]
[SourceQuality "1"]

1. f4 c5 2. Nf3 Nc6 3. b3 d5 4. Bb2 e6 5. e3 Nf6 6. Be2 Be7 7. 0-0 0-0 8. Nc3 a6 9. Ne5 Nxe5 10. fxe5 Nd7 11. d4 Qb6 12. Na4 Qa7 13. dxc5 Bxc5 14. Nxc5 Qxc5 15. Rf3 f6 16. exf6 Nxf6 17. Rg3 Bd7 18. a4 Rf7 19. Bh5 Nxh5 20. Qxh5 Qxc2 21. Qe5 Qf2+ 0-1

[Event "FRA-ch U18 Girls"]
[Site "Troyes"]
[Date "2010.04.15"]
[Round "6"]
[White "Hourlier, Claire"]
[Black "Klipper, Noemie"]
[Result "0-1"]
[WhiteElo "1915"]
[BlackElo "1872"]
[PlyCount "112"]
[EventDate "2010.04.11"]
[EventType "swiss"]
[EventRounds "9"]
[EventCountry "FRA"]
[SourceTitle "EXT 2012"]
[Source "ChessBase"]
[SourceDate "2011.11.24"]
[SourceVersion "1"]
[SourceVersionDate "2011.11.24"]
[SourceQuality "1"]

1. e4 c5 2. Nf3 Nc6 3. d4 cxd4 4. Nxd4 g6 5. c4 Bg7 6. Nc2 Nf6 7. Nc3 0-0 8. Be2 d6 9. 0-0 b6 10. Ne3 Ba6 11. Rb1 Rc8 12. Kh1 Ne5 13. b3 Nfd7 14. Bb2 Nc6 15. f4 Nd4 16. Ncd5 Nxe2 17. Qxe2 Nc5 18. Bxg7 Kxg7 19. Qf3 e6 20. Nc3 Bb7 21. Qd1 Qf6 22. e5 dxe5 23. Ng4 Qd8 24. Nxe5 Qxd1 25. Rbxd1 Rfd8 26. Nb5 Ne4 27. Kg1 a6 28. Na3 Nc3 29. Ra1 Rd2 30. Rf2 Rcd8 31. Nf3 Rd1+ 32. Rxd1 Rxd1+ 33. Rf1 Ne2+ 34. Kf2 Rxf1+ 35. Kxf1 Nxf4 36. Nc2 f6 37. b4 e5 38. Kf2 Kf7 39. g3 Nd3+ 40. Ke3 e4 41. Nfd4 f5 42. Nb3 Ke6 43. Kd4 g5 44. c5 bxc5+ 45. bxc5 Ne5 46. Nb4 Nc6+ 47. Nxc6 Bxc6 48. Nd2 h5 49. a3 Bd5 50. a4 Bc6 51. a5 Bd5 52. h3 Bc6 53. g4 hxg4 54. hxg4 fxg4 55. Nf1 e3 56. Kd3 Bb5+ 0-1

[Event "FRA-ch U18 Girls"]
[Site "Troyes"]
[Date "2010.04.11"]
[Round "1"]
[White "Daif, Sarah"]
[Black "Hourlier, Claire"]
[Result "0-1"]
[WhiteElo "1643"]
[BlackElo "1915"]
[PlyCount "58"]
[EventDate "2010.04.11"]
[EventType "swiss"]
[EventRounds "9"]
[EventCountry "FRA"]
[SourceTitle "EXT 2012"]
[Source "ChessBase"]
[SourceDate "2011.11.24"]
[SourceVersion "1"]
[SourceVersionDate "2011.11.24"]
[SourceQuality "1"]

1. d4 Nf6 2. Nf3 g6 3. Bf4 Bg7 4. e3 d6 5. h3 0-0 6. Be2 Nbd7 7. 0-0 c6 8. Nbd2 Re8 9. Bg3 e5 10. dxe5 Nxe5 11. Nxe5 dxe5 12. e4 Qe7 13. c3 Rd8 14. Qc2 Nh5 15. Bxh5 gxh5 16. Nf3 Kh8 17. Rad1 Rg8 18. Rfe1 Bf6 19. Qd2 h4 20. Bh2 Bxh3 21. g3 Rg6 22. Kh1 Qc5 23. Ng1 Be6 24. Qc2 Rag8 25. b4 Qf8 26. gxh4 Qh6 27. Nf3 Qh5 28. Rd3 Rh6 29. Ng5 Rxg5 0-1

[Event "FRA-chT2 0910"]
[Site "France"]
[Date "2009.12.13"]
[Round "6.8"]
[White "Hourlier, Claire"]
[Black "Fischer, Julie"]
[Result "1/2-1/2"]
[WhiteElo "1928"]
[BlackElo "1707"]
[PlyCount "122"]
[EventDate "2009.09.27"]
[EventType "team-tourn"]
[EventRounds "11"]
[EventCountry "FRA"]
[SourceTitle "EXT 2011"]
[Source "ChessBase"]
[SourceDate "2010.11.26"]
[SourceVersion "1"]
[SourceVersionDate "2010.11.26"]
[SourceQuality "1"]

1. e4 d5 2. exd5 Qxd5 3. Nc3 Qd6 4. d4 Nf6 5. Bd3 Nc6 6. Nge2 e5 7. Nb5 Qd8 8. Be3 Be6 9. dxe5 Nxe5 10. Nf4 Nxd3+ 11. Qxd3 Bb4+ 12. c3 Qxd3 13. Nxd3 Ba5 14. Nc5 Bd5 15. Nb3 a6 16. Nd6+ Kd7 17. Nxa5 Kxd6 18. Bf4+ Kd7 19. 0-0-0 Kc8 20. Nb3 b6 21. f3 Kb7 22. Be5 Be6 23. Rd2 Rae8 24. f4 Ne4 25. Re2 Bxb3 26. axb3 Nc5 27. b4 Nd3+ 28. Kd1 Nxe5 29. fxe5 Re7 30. Rf1 Rhe8 31. Ref2 Rd8+ 32. Rd2 Rxd2+ 33. Kxd2 Kc6 34. Rf4 Kd5 35. Kd3 Kxe5 36. Rf1 f6 37. Ra1 Kf4 38. Rxa6 h5 39. Ra1 Re3+ 40. Kd2 Re4 41. Ra7 Re7 42. b5 Ke5 43. Ra4 Kd5 44. Kd3 Kc5 45. c4 Rd7+ 46. Kc3 f5 47. Ra1 g5 48. Rf1 f4 49. b4+ Kd6 50. Rd1+ Ke6 51. Rxd7 Kxd7 52. Kd4 Kd6 53. Ke4 Ke6 54. h4 Kf6 55. c5 Kg6 56. Ke5 Kh6 57. Kf5 gxh4 58. Kxf4 Kg6 59. c6 Kf6 60. Ke4 Ke6 61. Kf4 Kf6 1/2-1/2

[Event "FRA-chT2 0910"]
[Site "France"]
[Date "2009.10.17"]
[Round "2.8"]
[White "Hourlier, Claire"]
[Black "Criqui, Laurence"]
[Result "1-0"]
[WhiteElo "1928"]
[BlackElo "1640"]
[PlyCount "63"]
[EventDate "2009.09.27"]
[EventType "team-tourn"]
[EventRounds "11"]
[EventCountry "FRA"]
[SourceTitle "EXT 2011"]
[Source "ChessBase"]
[SourceDate "2010.11.26"]
[SourceVersion "1"]
[SourceVersionDate "2010.11.26"]
[SourceQuality "1"]

1. e4 e5 2. Nf3 Nc6 3. Bc4 Nf6 4. Ng5 d5 5. exd5 Na5 6. Bb5+ c6 7. dxc6 bxc6 8. Qf3 a6 9. Bxc6+ Nxc6 10. Qxc6+ Bd7 11. Qc4 Qe7 12. Nc3 h6 13. Nge4 Nxe4 14. Qxe4 Rc8 15. 0-0 Bc6 16. Qe2 Qg5 17. Ne4 Qg6 18. d3 Be7 19. Ng3 0-0 20. Bd2 Bd6 21. Bc3 Rce8 22. Qh5 Qe6 23. Nf5 Qd5 24. Qg4 g6 25. Nxd6 Qxd6 26. Bb4 Qd5 27. Bxf8 Kxf8 28. Rfe1 Bd7 29. Qe4 Qe6 30. Re2 f5 31. Qb4+ Kg8 32. Qb3 1-0

[Event "FRA-chB (Women)"]
[Site "Nimes"]
[Date "2009.08.15"]
[Round "5"]
[White "Rigolot, Lucie"]
[Black "Hourlier, Claire"]
[Result "1-0"]
[WhiteElo "1806"]
[BlackElo "1918"]
[PlyCount "91"]
[EventDate "2009.08.10"]
[EventType "tourn"]
[EventRounds "11"]
[EventCountry "FRA"]
[SourceTitle "CBM 132 Extra"]
[Source "ChessBase"]
[SourceDate "2009.11.03"]
[SourceVersion "1"]
[SourceVersionDate "2009.11.03"]
[SourceQuality "1"]

1. e4 c5 2. Nf3 Nc6 3. d4 cxd4 4. Nxd4 g6 5. c4 Bg7 6. Be3 Nf6 7. Nc3 d6 8. Be2 a6 9. 0-0 0-0 10. Rc1 Bd7 11. Nb3 Rb8 12. c5 Ne8 13. Qd2 Be6 14. Nd5 Nc7 15. cxd6 Qxd6 16. Bc5 Qd7 17. Bxe7 Bxd5 18. Bxf8 Rxf8 19. exd5 Qxd5 20. Qxd5 Nxd5 21. Bxa6 Ncb4 22. Bxb7 Bxb2 23. Rb1 Ba3 24. Nd4 Rd8 25. Bxd5 Nxd5 26. Nc2 Be7 27. Rfd1 Rc8 28. Rxd5 Rxc2 29. a4 Ra2 30. a5 Bb4 31. g3 Bxa5 32. Rd7 Rd2 33. Ra7 Rd5 34. Rbb7 Rf5 35. g4 Rg5 36. h3 Bc3 37. Rxf7 Ra5 38. Rab7 Rb5 39. Rxh7 Rxb7 40. Rxb7 g5 41. Kg2 Bd2 42. Kf3 Kf8 43. Ke4 Kg8 44. Kf5 Kf8 45. Kg6 Bc1 46. Rb5 1-0

[Event "FRA-ch U18 Girls"]
[Site "Aix les Bains"]
[Date "2009.04.20"]
[Round "3"]
[White "Argente, Lucie"]
[Black "Hourlier, Claire"]
[Result "0-1"]
[WhiteElo "1400"]
[BlackElo "1883"]
[PlyCount "42"]
[EventDate "2009.04.19"]
[EventType "swiss"]
[EventRounds "9"]
[EventCountry "FRA"]
[SourceTitle "CBM 130 Extra"]
[Source "ChessBase"]
[SourceDate "2009.07.02"]
[SourceVersion "2"]
[SourceVersionDate "2009.07.15"]
[SourceQuality "1"]

1. d4 Nf6 2. Nf3 e6 3. Bg5 Be7 4. c4 b6 5. Nc3 Bb7 6. e3 0-0 7. Bd3 d6 8. 0-0 Nbd7 9. Rc1 c5 10. Re1 d5 11. cxd5 exd5 12. a3 Ne4 13. Bxe7 Qxe7 14. Qc2 Rac8 15. Qb1 f5 16. b4 cxb4 17. axb4 Nxc3 18. Qa1 Ne4 19. Qxa7 Nd6 20. Rxc8 Rxc8 21. Bb5 Ra8 0-1

[Event "FRA-chT2 East 0809"]
[Site "France"]
[Date "2009.01.18"]
[Round "6.8"]
[White "Monpeurt, Cyrielle"]
[Black "Hourlier, Claire"]
[Result "1-0"]
[WhiteElo "1755"]
[BlackElo "1879"]
[PlyCount "81"]
[EventDate "2008.10.19"]
[EventType "team-tourn"]
[EventRounds "11"]
[EventCountry "FRA"]
[SourceTitle "EXT 2010"]
[Source "ChessBase"]
[SourceDate "2010.11.25"]
[SourceVersion "1"]
[SourceVersionDate "2010.11.25"]
[SourceQuality "1"]
[WhiteTeam "Metz Fischer II"]
[BlackTeam "Grenoble"]
[WhiteTeamCountry "FRA"]
[BlackTeamCountry "FRA"]

1. e4 c5 2. Nf3 Nc6 3. d4 cxd4 4. Nxd4 g6 5. Nc3 Bg7 6. Be3 Nf6 7. Nxc6 bxc6 8. e5 Ng8 9. Bf4 Qa5 10. Qd4 Rb8 11. 0-0-0 Rb4 12. Bc4 d5 13. Nxd5 cxd5 14. Bd2 Rxc4 15. Bxa5 Rxd4 16. Rxd4 e6 17. f4 Ne7 18. Bc7 a6 19. Rhd1 Nf5 20. R4d3 h5 21. c4 0-0 22. cxd5 exd5 23. Ra3 Bb7 24. Rb3 Ba8 25. Kb1 Rc8 26. Rb8 Rxb8 27. Bxb8 d4 28. g3 Be4+ 29. Kc1 Bh6 30. Ba7 d3 31. Kd2 h4 32. Bf2 Bf3 33. Rc1 Be2 34. Rc8+ Kg7 35. Rc7 g5 36. e6 gxf4 37. Rxf7+ Kg8 38. Rxf5 fxg3+ 39. Be3 Bxe3+ 40. Kxe3 d2 41. Kxe2 1-0

[Event "FRA-chT2 East 0809"]
[Site "France"]
[Date "2008.10.19"]
[Round "1.8"]
[White "Hourlier, Claire"]
[Black "Scalia, Jerome"]
[Result "1-0"]
[WhiteElo "1879"]
[BlackElo "1813"]
[PlyCount "63"]
[EventDate "2008.10.19"]
[EventType "team-tourn"]
[EventRounds "11"]
[EventCountry "FRA"]
[SourceTitle "EXT 2010"]
[Source "ChessBase"]
[SourceDate "2010.11.25"]
[SourceVersion "1"]
[SourceVersionDate "2010.11.25"]
[SourceQuality "1"]
[WhiteTeam "Grenoble"]
[BlackTeam "Obernai"]
[WhiteTeamCountry "FRA"]
[BlackTeamCountry "FRA"]

1. e4 c5 2. Nc3 Nc6 3. f4 e6 4. Bc4 Nge7 5. d3 g6 6. Nf3 Bg7 7. 0-0 0-0 8. a4 d5 9. Ba2 Nb4 10. e5 a6 11. Bb1 Bd7 12. h3 b5 13. Nh2 f6 14. exf6 Rxf6 15. Ng4 Rf5 16. Ne5 Bxe5 17. fxe5 Rxe5 18. g4 g5 19. axb5 axb5 20. Rxa8 Qxa8 21. Qf3 Qe8 22. Qf6 Ng6 23. Bxg5 Nc6 24. h4 b4 25. h5 bxc3 26. hxg6 Rxg5 27. gxh7+ Kxh7 28. Qxg5 Qg6 29. Qh4+ Kg7 30. g5 cxb2 31. Rf6 Qh7 32. Rf7+ 1-0

[Event "FRA-ch op-B"]
[Site "Pau"]
[Date "2008.08.13"]
[Round "2"]
[White "Hourlier, Claire"]
[Black "Leroux, Mathieu"]
[Result "0-1"]
[WhiteElo "1875"]
[BlackElo "1970"]
[PlyCount "55"]
[EventDate "2008.08.11"]
[EventType "swiss"]
[EventRounds "11"]
[EventCountry "FRA"]
[SourceTitle "CBM 126 Extra"]
[Source "ChessBase"]
[SourceDate "2008.11.05"]
[SourceVersion "1"]
[SourceVersionDate "2008.11.05"]
[SourceQuality "1"]

1. e4 c5 2. Nc3 Nc6 3. f4 g6 4. Nf3 Bg7 5. Bc4 e6 6. 0-0 Nge7 7. d3 0-0 8. Kh1 a6 9. a4 d5 10. Bb3 b6 11. Qe1 Bb7 12. Qh4 Nd4 13. f5 Nxb3 14. cxb3 exf5 15. Bh6 f6 16. Bxg7 Kxg7 17. e5 d4 18. exf6+ Rxf6 19. Ng5 h6 20. Nge4 Re6 21. Ne2 Nd5 22. Qf2 Qe7 23. N4g3 Ne3 24. Nf4 Nxf1 25. Nxe6+ Qxe6 26. Rxf1 Re8 27. Qc2 a5 28. Qc4 0-1

[Event "FRA-chT2 East 0708"]
[Site "France"]
[Date "2008.04.06"]
[Round "11.8"]
[White "Hourlier, Claire"]
[Black "Bakalarz, Grazyna"]
[Result "1-0"]
[WhiteElo "1907"]
[BlackElo "2006"]
[PlyCount "89"]
[EventDate "2007.10.21"]
[EventType "team"]
[EventRounds "11"]
[EventCountry "FRA"]
[SourceTitle "EXT 2009"]
[Source "ChessBase"]
[SourceDate "2008.11.26"]
[SourceVersion "1"]
[SourceVersionDate "2008.11.26"]
[SourceQuality "1"]
[WhiteTeam "Grenoble"]
[BlackTeam "Epinal"]
[WhiteTeamCountry "FRA"]
[BlackTeamCountry "FRA"]

1. e4 g6 2. Nc3 Bg7 3. Bc4 c6 4. d3 b5 5. Bb3 d6 6. f4 b4 7. Nce2 Qb6 8. Nf3 Bg4 9. Ng3 h5 10. h3 Bxf3 11. Qxf3 Nd7 12. Ne2 Ngf6 13. Be3 Nc5 14. 0-0 e6 15. Qf2 Nfd7 16. f5 gxf5 17. exf5 0-0-0 18. fxe6 fxe6 19. Bxe6 Rhf8 20. Qg3 Be5 21. Qg6 Bxb2 22. Rab1 Rxf1+ 23. Rxf1 Qa5 24. Bxd7+ Nxd7 25. Qxd6 Ne5 26. Qe6+ Kb7 27. d4 Qb6 28. Qxe5 Rd7 29. Rf8 Ka6 30. Qc5 Qxc5 31. dxc5 Re7 32. Kf2 Be5 33. Bd4 Bc7 34. Rh8 Rf7+ 35. Ke3 Re7+ 36. Kd3 Kb5 37. Rxh5 Rf7 38. c3 bxc3 39. Nxc3+ Kb4 40. Ne4 Ka3 41. Rh6 Kxa2 42. Rxc6 a5 43. Kc2 Rf4 44. Nc3+ Ka3 45. Rxc7 1-0

[Event "FRA-chT2 East 0708"]
[Site "France"]
[Date "2008.03.16"]
[Round "9.7"]
[White "Hourlier, Claire"]
[Black "Barnier, Christophe"]
[Result "0-1"]
[WhiteElo "1920"]
[BlackElo "1906"]
[PlyCount "86"]
[EventDate "2007.10.21"]
[EventType "team"]
[EventRounds "11"]
[EventCountry "FRA"]
[SourceTitle "EXT 2009"]
[Source "ChessBase"]
[SourceDate "2008.11.26"]
[SourceVersion "1"]
[SourceVersionDate "2008.11.26"]
[SourceQuality "1"]
[WhiteTeam "Grenoble"]
[BlackTeam "Reims"]
[WhiteTeamCountry "FRA"]
[BlackTeamCountry "FRA"]

1. e4 c5 2. Nc3 d6 3. f4 a6 4. a4 Nc6 5. Nf3 Nf6 6. Bc4 e6 7. d3 Qc7 8. 0-0 Be7 9. Qe1 0-0 10. Bd2 Nb4 11. e5 Nxc2 12. Qd1 Nxa1 13. exf6 Bxf6 14. Qxa1 d5 15. Ba2 b6 16. Qe1 Bb7 17. Qg3 g6 18. Qh3 Bg7 19. f5 exf5 20. Bh6 Rad8 21. Ng5 Bd4+ 22. Kh1 Rfe8 23. Nxh7 Qe5 24. Bd2 Qh8 25. Ng5 Qxh3 26. Nxh3 Kg7 27. Nf4 Bxc3 28. bxc3 c4 29. Rb1 Rd6 30. Kg1 g5 31. Nh3 Re2 32. Rd1 f6 33. Kf1 cxd3 34. Bb1 d4 35. Bxd3 Rxg2 36. cxd4 Rxh2 37. Nf2 Rxd4 38. Be3 Rd6 39. Kg1 Rg2+ 40. Kf1 Rg3 41. Bc1 Bg2+ 42. Ke1 Bf3 43. a5 Rg1+ 0-1